000 01360nam a2200265Ia 4500
999 _c56002
_d56002
001 23101
003 GE_BSU
005 20230712175404.0
008 181216s1950||||ge |||||||||||||| ||geo||
040 _cGE_BSU
041 _ageo
080 _a821.112.2-13 ს-51
245 _aსიმღერა ნიბელუნგებზე /
_cთარგმ. კონსტანტინე ჭიჭინაძისა ; წინასიტყვ. ავტ. : შოთა რევიშვილი ; რედ. მ. კვესელავა.
250 _aმე-2 გამოცემა
264 _aთბილისი :
_bსახელგამი,
_c1950.
300 _a424 გვ. ;
_c 23 სმ.
500 _aგაშლილი თავფურცელი გერმანულ ენაზე
504 _aბიბლიოგრ. შესავლის შენიშვნებში
520 _aგაშლილი თავფურცელი გერმანულ ენაზე.
541 _h4 ლ.
653 _aსიმღერა ნიბელუნგებზე
700 _aჭიჭინაძე, კონსტანტინე
_eმთარგმნელი
_916032
700 _aკვესელავა, მ.
_eრედაქტორი
_913629
942 _cBK
_2udc